000 00578nam a2200193Ia 4500
003 GCL
008 140319s9999 xx 000 0 ara d
040 _aGCL /
_cGCL
082 0 4 _a301.35
_bر م
100 1 _aردفيلد، روبرت
245 1 0 _aالمجتمع القروى وثقافتة /
_cردفيلد، روبرت
700 1 _aفاروق محمد العادلى (مترجم)
300 _a211 ص
490 _a
650 0 4 _aمصر
650 0 4 _aالمجتمعات الريفية
650 0 4 _aالانثربولوجيا الاجتماعية
942 _2ddc
_cBK
999 _c39243
_d39243